000
00270nam a2200097Ia 4500
008
230508s2010 xx 000 0 und d
041
_a
eng
100
_a
G. S. BIRDIE / I. S. BIRDIE.
245
_a
WATER SUPPLY & SENITARY ENGINEERING
260
_b
DHANPAT RAI PUBLISHI
_c
2010
999
_c
316088
_d
316088